Cathédrales d'Europe par image n°2 - Statistiques

Statistiques générales
  • Ce quiz a été pris 138 fois
  • Le résultat moyen est 7 sur 15
Statistiques - réponses
Par images Hint Réponse % Correct
VIe Sainte-Sophie de Constantinople
90%
XVIIe-XVIIIe Saint-Paul de Londres
76%
XIXe-XXe Cathédrale de Berlin
67%
XIe-XIIe Notre-Dame-de-l'Assomption de Pise
65%
XIe-XVIIIe Saint-Jacques-de-Compostelle
63%
XVIIIe Saint-Jean-de-Latran de Rome
59%
XVIIe-XVIIIe Sainte-Sophie de Kiev
57%
XIXe Cathédrale d'Helsinki
46%
XIVe Saints-Stanislas-et-Venceslas de Cracovie
35%
XIIe Sainte-Marie-Majeure de Lisbonne
32%
XIIIe-XVe Sainte-Marie de Burgos
28%
XIe Saint-Pierre de Brême
25%
VIIe-XVe Notre-Dame de Bâle
21%
Xe-XVIIIe Saint-Martin de Mayence
19%
XIe-XXe Saint-Michel de Coventry
16%
Aucun quiz correspondant
Distribution des résultats
% des personnes avec chaque résultat
Percentile par nombre de réponses
Votre historique - résultats
Vous n’avez pas pris ce quiz